00514nam a2200169Ia 4500100002100000650001300021942000700034366000700041654001300048245004100061260002800102082001500130300000800145546002400153999001700177952015000194 aTafazolli/Rahim  aWireless cRB f20 awireless aTechnologies for the wireless future bJohn Wiley & Sonsc2013 a384.5bTAF a404 aENGLISHcPAMPHALETS c19593d19593 001040708CRCaCRCEbCRCEd2023-03-17eDharma Enterprisesg2796.00i145 dt 23/05/2013l0o384.5 TAFp22668r2023-03-17v3495.00w0000-00-00yRB